Family Life And Social Obligations In Islam/ (Record no. 194963)

MARC details
000 -LEADER
fixed length control field 00569nam a22001817a 4500
005 - DATE AND TIME OF LATEST TRANSACTION
control field 20230203105126.0
010 ## - LCCN (DPL NO)
LC control number ENG-136113
020 ## - INTERNATIONAL STANDARD BOOK NUMBER
Terms of availability 60.00
035 ## - SYSTEM CONTROL NUMBER
System control number EN-119645
037 ## - SOURCE OF ACQUISITION
Source of stock number/acquisition DBAD/PUB
082 ## - DEWEY DECIMAL CLASSIFICATION NUMBER
Classification number 270
100 ## - MAIN ENTRY--PERSONAL NAME
Personal name Kazi, Mazhar U.
245 ## - TITLE STATEMENT
Title Family Life And Social Obligations In Islam/
Statement of responsibility, etc Mazhar U. Kazi
260 ## - PUBLICATION, DISTRIBUTION, ETC. (IMPRINT)
Place of publication, distribution, etc New Delhi
Name of publisher, distributor, etc Markazi Maktaba Islami
Date of publication, distribution, etc 2005
270 ## - ADDRESS
Address D-307, Abul Fazl Enclave, Jamia Nagar Okhla
City New Delhi
Postal code 110025
Electronic mail address mmipub@nda.vsnl.net.in
300 ## - PHYSICAL DESCRIPTION
Extent 148p.
Other physical details Index
Dimensions 21cm(pbk)
942 ## - ADDED ENTRY ELEMENTS (KOHA)
Source of classification or shelving scheme Dewey Decimal Classification
Item type English Books
Classification part 270
Call number suffix KAZ
Holdings
Withdrawn status Lost status Not for loan Collection code Home library Current library Date acquired Source of acquisition Cost, normal purchase price Full call number Barcode Copy number Cost, replacement price Koha item type
      Non-fiction Peshwa Road Peshwa Road 03/02/2023 DBAD/PUB 60.00 270 KAZ EN-119645 1 60.00 English Books

© Delhi Public Library
Hit Counter
free hit counter